书目信息 |
| 题名: |
牧野文物
|
|
| 作者: | 银延林, , 周舟, , 秦欣欣, 编著 | |
| 分册: | ||
| 出版信息: | 北京 中国社会科学出版社 2021.03 |
|
| 页数: | 265页 | |
| 开本: | 24cm | |
| 丛书名: | 牧野文化研究 | |
| 单 册: | ||
| 中图分类: | K872.613 | |
| 科图分类: | ||
| 主题词: | 文物--wen wu--介绍--新乡 | |
| 电子资源: | ||
| ISBN: | 978-7-5203-7819-2 | |
| 000 | 01204nam 2200325 450 | |
| 001 | 202021194887 | |
| 005 | 20211025120148.0 | |
| 010 | @a978-7-5203-7819-2@dCNY98.00 | |
| 092 | @aCN@bRt970-0651 | |
| 100 | @a20211006d2021 em y0chiy50 ea | |
| 101 | 0 | @achi |
| 102 | @aCN@b110000 | |
| 105 | @aa z 000yy | |
| 106 | @ar | |
| 200 | 1 | @a牧野文物@Amu ye wen wu@f银延林, 周舟, 秦欣欣编著 |
| 210 | @a北京@c中国社会科学出版社@d2021.03 | |
| 215 | @a265页@c图@d24cm | |
| 225 | 2 | @a牧野文化研究@Amu ye wen hua yan jiu |
| 314 | @a银延林, 现为新乡市博物馆学士委员会主任、策展人团队负责人。周舟, 现为新乡市博物馆助理馆员。秦欣欣, 现为新乡市博物馆助理馆员。 | |
| 330 | @a本书分新乡市博物馆藏的可移动文物、新乡市出土外流文物、新乡市不可移动文物。内容包括: 青铜器 ; 陶器 ; 瓷器 ; 玉器 ; 书画 ; 造像艺术 ; 近现代文物 ; 其他藏品等。 | |
| 410 | 0 | @12001 @a牧野文化研究 |
| 606 | 0 | @a文物@Awen wu@x介绍@y新乡 |
| 690 | @aK872.613@v5 | |
| 701 | 0 | @a银延林,@Ayin yan lin@f1966-@4编著 |
| 701 | 0 | @a周舟,@Azhou zhou@f1990-@4编著 |
| 701 | 0 | @a秦欣欣,@Aqin xin xin@f1988-@4编著 |
| 801 | 0 | @aCN@c20210909 |
| 901 | @a中国社会科学出版社 | |
| 905 | @a河南城建学院图书馆@dK872.613@eY590 | |
| 997 | @a期货 | |
| 牧野文物/银延林, 周舟, 秦欣欣编著.-北京:中国社会科学出版社,2021.03 |
| 265页:图;24cm.-(牧野文化研究) |
| ISBN 978-7-5203-7819-2:CNY98.00 |
| 本书分新乡市博物馆藏的可移动文物、新乡市出土外流文物、新乡市不可移动文物。内容包括: 青铜器 ; 陶器 ; 瓷器 ; 玉器 ; 书画 ; 造像艺术 ; 近现代文物 ; 其他藏品等。 |
| ● |
| 相关链接 |
|
|
|
正题名:牧野文物
索取号:K872.613/Y590
 
预约/预借
| 序号 | 登录号 | 条形码 | 馆藏地/架位号 | 状态 | 备注 |
| 1 | 1544263 | 215442634 | 社科库309/309社科库 7排4列6层/ [索取号:K872.613/Y590] | 在馆 | |
| 2 | 1544264 | 215442643 | 社科库309/309社科库 7排4列6层/ [索取号:K872.613/Y590] | 在馆 |